Administración pública / Ricardo F. Montenegro, Joaquín Febrer Mas
Descripción Física:
69, [25] p. ; 30 cm
Otros Autores:
Febrer Mas, Joaquín
Materias:
Administració pública
MARC
| LEADER | 00000nam a2200000Ia 4500 | ||
|---|---|---|---|
| 001 | 2030 | ||
| 003 | BGR | ||
| 005 | 20260324175618.0 | ||
| 008 | 160829s1986 xx 000 0 cat d | ||
| 080 | |a M-1-82 | ||
| 100 | |a Montenegro, Ricardo F. |9 35194 | ||
| 245 | |a Administración pública / Ricardo F. Montenegro, Joaquín Febrer Mas | ||
| 260 | |a Barcelona : |b Diputació de Barcelona, Escola d'Arts i Oficis, |c 1986 | ||
| 300 | |a 69, [25] p. ; |c 30 cm | ||
| 650 | 0 | |a Administració pública |9 23819 | |
| 700 | |a Febrer Mas, Joaquín |9 35195 | ||
| 710 | 2 | |a Escola d'Arts i Oficis (Barcelona, Catalunya) |9 55874 | |
| 901 | |a Arxiu | ||
| 942 | |n 1 |2 udc |c MON | ||
| 952 | |0 0 |1 0 |4 0 |6 M182 |7 1 |9 46806 |a Arxiu |b Arxiu |d 2016-12-01 |l 0 |o M-1-82 |p 2030 |r 2016-12-01 00:00:00 |w 2016-12-01 |y ARXIU | ||
| 999 | |c 50599 |d 50599 | ||